县级行政区知识问答#26 潜江市 Qianjiang Multiple-choice - Statistics

General Stats
  • This quiz has been taken 5 times
  • The average score is 8 of 10
Answer Stats
Question Answer % Correct
潜江小龙虾产业首创的生态种养模式是? 虾稻共作
100%
潜江市“龙湾遗址”的历史时期属于? 东周楚国
100%
潜江市境内最大的河流是? 汉江
80%
潜江市“曹禺纪念馆”纪念的文学巨匠与潜江的关系是? 祖籍地
80%
潜江市方言属于哪种语系? 西南官话
80%
潜江市“江汉平原皮影戏”的唱腔特点是? 渔鼓腔方言唱
80%
潜江传统灯会“潜江花灯”通常在哪个节日举办? 元宵节
80%
潜江市“熊口镇”的历史地位与哪场革命战争相关? 湘鄂西根据地
80%
潜江市国家级非遗“潜江草把龙”的表演形式是? 稻草龙夜间舞动
60%
潜江市“章华台”遗址的考古发现证实其功能是? 楚王行宫
40%
No matching quizzes found
Score Distribution
Percent of People with Each Score
Percentile by Number Answered
Your Score History
You have not taken this quiz